Gemeinden Landkreis Garmisch-Partenkirchen - Statistiken

Allgemein
  • Dieses Quiz wurde 87 mal gespielt
  • Das Durchschnittsergebnis liegt bei 14 aus 22
Antwortstatistiken
Einwohner Gemeindeart Gemeindename % Korrekt
27.215 Marktgemeinde, Kreishauptort Garmisch-Partenkirchen
98%
7.327 Marktgemeinde Mittenwald
94%
3.441 Gemeinde Grainau
83%
12.180 Marktgemeinde Murnau am Staffelsee
82%
5.514 Gemeinde Oberammergau
79%
3.611 Gemeinde Farchant
76%
3.253 Gemeinde Oberau
71%
3.278 Gemeinde Ohlstadt
70%
1.582 Gemeinde Eschenlohe
68%
1.585 Gemeinde Unterammergau
68%
2.854 Gemeinde Bad Kohlgrub
67%
1.918 Gemeinde Krün
64%
1.529 Gemeinde Wallgau
61%
1.221 Gemeinde Bad Bayersoien
55%
758 Gemeinde Ettal
55%
1.657 Gemeinde Saulgrub
55%
3.006 Gemeinde Uffing am Staffelsee
50%
1.193 Gemeinde Riegsee
38%
736 Gemeinde Spatzenhausen
36%
1.495 Gemeinde Großweil
33%
2.478 Gemeinde Seehausen am Staffelsee
32%
593 Gemeinde Schwaigen
17%
Keine übereinstimmenden Quizze gefunden
Verteilung der Resultate
Anzahl Personen mit jedem Resultat
Perzentil nach korrekt beantworteten Fragen
Ihre Resultats-Entwicklung
Sie haben dieses Quiz noch nicht gespielt